[Event "Collado Villalba op 38th"]
[Site "Collado Villalba"]
[Date "2021.08.27"]
[Round "7"]
[White "Garcia Fernandez, Jesus"]
[Black "De Diego Ferrer, Emilio"]
[Result "1/2-1/2"]
[WhiteElo "1900"]
[BlackElo "1819"]
[PlyCount "40"]
[EventDate "2021.08.21"]
[EventType "swiss"]
[EventRounds "9"]
[EventCountry "ESP"]
[SourceTitle "CBM 204 Extra"]
[Source "ChessBase"]
[SourceDate "2021.11.30"]
[SourceVersion "1"]
[SourceVersionDate "2021.11.30"]
[SourceQuality "1"]

1. d4 d5 2. c4 e6 3. Nf3 c6 4. Nc3 f5 5. Bf4 Nf6 6. e3 Bd6 7. Bd3 0-0 8. 0-0 Ne4 9. Ne5 g5 10. Bxe4 gxf4 11. Bd3 fxe3 12. f4 Bxe5 13. fxe5 Qh4 14. Ne2 c5 15. cxd5 exd5 16. Qc2 cxd4 17. Rf4 Qg5 18. Raf1 Nc6 19. Ra1 Be6 20. a3 a6 1/2-1/2

[Event "Madrid-ch Previa-A"]
[Site "Madrid"]
[Date "2020.02.19"]
[Round "9"]
[White "Corral Aragon, Juan Maria"]
[Black "De Diego Ferrer, Emilio"]
[Result "1-0"]
[WhiteElo "1766"]
[BlackElo "1883"]
[PlyCount "101"]
[EventDate "2020.02.03"]
[EventType "swiss"]
[EventRounds "9"]
[EventCountry "ESP"]
[SourceTitle "EXT 2021"]
[Source "ChessBase"]
[SourceDate "2020.10.23"]
[SourceVersion "1"]
[SourceVersionDate "2020.10.23"]
[SourceQuality "1"]

1. e4 c6 2. d4 d5 3. exd5 cxd5 4. Nf3 Nc6 5. Bb5 a6 6. Bxc6+ bxc6 7. 0-0 Bg4 8. c4 Bxf3 9. Qxf3 e6 10. Nc3 Qf6 11. Qg3 h5 12. Qc7 Ne7 13. Qb7 Rd8 14. Qxa6 h4 15. h3 g5 16. cxd5 exd5 17. Re1 g4 18. Nb5 Bg7 19. Nc7+ Kf8 20. b3 Kg8 21. Ba3 Ng6 22. Ne8 Qf4 23. Nxg7 Kxg7 24. Qd3 gxh3 25. Qxh3 Rh5 26. Re2 Qf6 27. Bc1 Rf5 28. Qg4 Rg8 29. Rc2 Re8 30. Be3 Re4 31. Qh3 Nf4 32. Bxf4 Rexf4 33. Rf1 Qxd4 34. Qc3 Rf6 35. Qxd4 Rxd4 36. Rfc1 Rdf4 37. Rxc6 Rxf2 38. Rxf6 Rxf6 39. a4 Rb6 40. Rb1 Kf6 41. a5 Ra6 42. b4 Ke5 43. Kf2 Kd4 44. Rh1 Kc3 45. Rxh4 Re6 46. b5 d4 47. a6 d3 48. a7 Re2+ 49. Kf3 Ra2 50. b6 Ra1 51. Rh8 1-0

[Event "Madrid-ch Previa-A"]
[Site "Madrid"]
[Date "2020.02.18"]
[Round "8"]
[White "De Diego Ferrer, Emilio"]
[Black "Martinez Pascual, Gonzalo"]
[Result "1-0"]
[WhiteElo "1883"]
[BlackElo "1559"]
[PlyCount "55"]
[EventDate "2020.02.03"]
[EventType "swiss"]
[EventRounds "9"]
[EventCountry "ESP"]
[SourceTitle "EXT 2021"]
[Source "ChessBase"]
[SourceDate "2020.10.23"]
[SourceVersion "1"]
[SourceVersionDate "2020.10.23"]
[SourceQuality "1"]

1. c4 e5 2. Nc3 Nf6 3. g3 Nc6 4. Bg2 Bc5 5. h3 d6 6. d3 0-0 7. e4 a6 8. Nge2 Nd4 9. 0-0 Bd7 10. Kh2 Re8 11. f4 b5 12. Nxd4 Bxd4 13. Ne2 Ba7 14. b3 Rb8 15. f5 bxc4 16. bxc4 h6 17. Bd2 Kh7 18. g4 c6 19. Ng3 Bd4 20. Rc1 Kg8 21. g5 hxg5 22. Bxg5 Rb2 23. Nh5 d5 24. Nxf6+ gxf6 25. Bh6 Kh7 26. Qh5 Rxg2+ 27. Kxg2 Rg8+ 28. Bg5+ 1-0

[Event "Madrid-ch Previa-A"]
[Site "Madrid"]
[Date "2020.02.12"]
[Round "6"]
[White "De Diego Ferrer, Emilio"]
[Black "Castro Uceda, Jose Antonio"]
[Result "1-0"]
[WhiteElo "1883"]
[BlackElo "1607"]
[PlyCount "81"]
[EventDate "2020.02.03"]
[EventType "swiss"]
[EventRounds "9"]
[EventCountry "ESP"]
[SourceTitle "EXT 2021"]
[Source "ChessBase"]
[SourceDate "2020.10.23"]
[SourceVersion "1"]
[SourceVersionDate "2020.10.23"]
[SourceQuality "1"]

1. c4 e5 2. Nc3 Nf6 3. e4 Nc6 4. g3 Bc5 5. h3 d6 6. Bg2 0-0 7. d3 a6 8. Nge2 Bd7 9. 0-0 Qc8 10. Kh2 Kh8 11. f4 exf4 12. gxf4 Nd4 13. Nxd4 Bxd4 14. Ne2 c5 15. Nxd4 cxd4 16. b4 Qc7 17. f5 Rfe8 18. Bf4 Qb6 19. Bg5 Bc6 20. Rb1 Nd7 21. a4 Ne5 22. f6 g6 23. Bh6 Qd8 24. b5 axb5 25. axb5 Bd7 26. Bg7+ Kg8 27. Qd2 Bc8 28. Qh6 Re6 29. Rf4 g5 30. Qxg5 Ng6 31. Rf2 Ra3 32. Rd1 Re5 33. Qh6 Bd7 34. Bf3 Qa8 35. h4 Ra2 36. Rdf1 Rxf2+ 37. Rxf2 Qc8 38. Kg3 Nf8 39. Rg2 Bh3 40. Bxf8 Qxf8 41. Kxh3+ 1-0

[Event "Madrid-ch Previa-A"]
[Site "Madrid"]
[Date "2020.02.04"]
[Round "2"]
[White "Rodriguez Bachiller, Luis"]
[Black "De Diego Ferrer, Emilio"]
[Result "0-1"]
[WhiteElo "1536"]
[BlackElo "1883"]
[PlyCount "78"]
[EventDate "2020.02.03"]
[EventType "swiss"]
[EventRounds "9"]
[EventCountry "ESP"]
[SourceTitle "EXT 2021"]
[Source "ChessBase"]
[SourceDate "2020.10.23"]
[SourceVersion "1"]
[SourceVersionDate "2020.10.23"]
[SourceQuality "1"]

1. e4 d5 2. exd5 Nf6 3. d4 Nxd5 4. Nf3 Bg4 5. Be2 g6 6. 0-0 Bg7 7. c3 0-0 8. h3 Bf5 9. Re1 Re8 10. Bg5 h6 11. Bh4 g5 12. Bg3 Nc6 13. Nbd2 Bg6 14. Nf1 Qc8 15. Bc4 Nb6 16. Bd3 Bh5 17. N1h2 e6 18. Qc2 f5 19. Be5 Nxe5 20. Nxe5 Nd7 21. Nxd7 Qxd7 22. g4 Bg6 23. Nf3 Rf8 24. Ne5 Bxe5 25. Rxe5 c6 26. Rae1 Rf6 27. Qe2 fxg4 28. Bxg6 Rxg6 29. Qxg4 Re8 30. f4 Kf7 31. fxg5 Reg8 32. h4 hxg5 33. hxg5 Qe7 34. Qh5 Kf8 35. Rf1+ Ke8 36. Rfe1 Kd7 37. Qh3 Rxg5+ 38. Rxg5 Qxg5+ 39. Kf2 Qd2+ 0-1

[Event "Collado Villalba op-B 36th"]
[Site "Collado Villalba"]
[Date "2019.08.27"]
[Round "5"]
[White "De Diego Ferrer, Emilio"]
[Black "Pena Hernandez, Francisco Javier"]
[Result "0-1"]
[WhiteElo "1927"]
[BlackElo "1563"]
[PlyCount "90"]
[EventDate "2019.08.23"]
[EventType "swiss"]
[EventRounds "9"]
[EventCountry "ESP"]
[SourceTitle "CBM 192 Extra"]
[Source "Chessbase"]
[SourceDate "2019.11.06"]
[SourceVersion "1"]
[SourceVersionDate "2019.11.06"]
[SourceQuality "1"]

1. c4 e5 2. Nc3 b6 3. e3 c5 4. Rb1 Nc6 5. g3 Nf6 6. Bg2 Bb7 7. d3 Be7 8. Nge2 Na5 9. e4 0-0 10. 0-0 Nc6 11. h3 Ne8 12. f4 d6 13. f5 Nc7 14. a3 Bg5 15. Kh2 Bxc1 16. Qxc1 Nd4 17. b4 Rb8 18. Nxd4 cxd4 19. Ne2 h6 20. f6 Bc8 21. g4 Ne8 22. fxg7 Kxg7 23. Ng3 Kh7 24. Rb2 Qh4 25. Nf5 Bxf5 26. exf5 Nf6 27. Bf3 Rg8 28. Rg2 Rg5 29. Qe1 Qxe1 30. Rxe1 Rbg8 31. Rc2 h5 32. gxh5 Rxf5 33. Be4 Nxe4 34. Rxe4 Rf3 35. Rg4 Rxg4 36. hxg4 Rxd3 37. c5 dxc5 38. bxc5 bxc5 39. Rxc5 e4 40. g5 Rd2+ 41. Kg1 e3 42. Kf1 Rf2+ 43. Ke1 d3 44. Rd5 d2+ 45. Kd1 Rf1+ 0-1

[Event "Collado Villalba op-B 36th"]
[Site "Collado Villalba"]
[Date "2019.08.25"]
[Round "3"]
[White "De Diego Ferrer, Emilio"]
[Black "Ballina Amandi, Casimiro"]
[Result "1-0"]
[WhiteElo "1927"]
[BlackElo "1746"]
[PlyCount "103"]
[EventDate "2019.08.23"]
[EventType "swiss"]
[EventRounds "9"]
[EventCountry "ESP"]
[SourceTitle "CBM 192 Extra"]
[Source "Chessbase"]
[SourceDate "2019.11.06"]
[SourceVersion "1"]
[SourceVersionDate "2019.11.06"]
[SourceQuality "1"]

1. c4 c5 2. Nc3 d6 3. g3 Nf6 4. Bg2 Nc6 5. Rb1 g6 6. a3 Bg7 7. b4 cxb4 8. axb4 0-0 9. e3 a6 10. Nge2 Qc7 11. b5 Ne5 12. d3 Rb8 13. 0-0 e6 14. b6 Qd8 15. Ba3 Re8 16. Qc2 Bf8 17. Na2 Bd7 18. d4 Nc6 19. Rfd1 d5 20. Bxf8 Kxf8 21. Qb3 Kg8 22. Qc3 Rc8 23. c5 Ne7 24. Qc2 Bc6 25. Nb4 Qd7 26. Nc3 Red8 27. Nd3 Qe8 28. Ne5 Nd7 29. Nxc6 Nxc6 30. e4 Nf6 31. exd5 exd5 32. Bh3 Ra8 33. Re1 Qf8 34. Qd2 Kg7 35. Qf4 Re8 36. Bg2 Rad8 37. g4 h6 38. h4 Ne4 39. Bxe4 dxe4 40. d5 Qxc5 41. dxc6 Qxc6 42. Qc7 Qf6 43. Nxe4 Qxh4 44. Qc3+ f6 45. Qc7+ Kg8 46. Qf4 Kg7 47. Rbc1 Rd7 48. Rc7 Ree7 49. Rec1 h5 50. Nd6 Qxg4+ 51. Qxg4 hxg4 52. Nxb7 1-0

[Event "Colmenarejo Autumn op 25th"]
[Site "Colmenarejo"]
[Date "2018.09.23"]
[Round "2"]
[White "Olmedo Aznar, Eduardo"]
[Black "De Diego Ferrer, Emilio"]
[Result "1/2-1/2"]
[WhiteElo "1707"]
[BlackElo "1957"]
[PlyCount "42"]
[EventDate "2018.09.16"]
[EventType "swiss"]
[EventRounds "7"]
[EventCountry "ESP"]
[SourceTitle "CBM 187 Extra"]
[Source "ChessBase"]
[SourceDate "2018.11.04"]
[SourceVersion "1"]
[SourceVersionDate "2018.11.04"]
[SourceQuality "1"]

1. d4 d5 2. e3 c6 3. Bd3 e6 4. f4 c5 5. c3 Nc6 6. Nf3 Be7 7. 0-0 f5 8. Ne5 Nf6 9. Nd2 0-0 10. Ndf3 c4 11. Bc2 Bd7 12. Nxc6 Bxc6 13. Ne5 Be8 14. g4 g6 15. g5 Nd7 16. Qe1 Nxe5 17. dxe5 h5 18. Qd2 Bc5 19. b4 cxb3 20. axb3 b5 21. Ba3 Qb6 1/2-1/2